Gender, sexuality and HIV/AIDs : (Record no. 144300)

MARC details
000 -LEADER
fixed length control field 00639nam a22001817a 4500
005 - DATE AND TIME OF LATEST TRANSACTION
control field 20170911165414.0
010 ## - LCCN (DPL NO)
LC control number 1718EN-30
020 ## - INTERNATIONAL STANDARD BOOK NUMBER
International Standard Book Number 9789351500810
Terms of availability 950.00
037 ## - SOURCE OF ACQUISITION
Source of stock number/acquisition TBI
Stock number dpl
100 ## - MAIN ENTRY--PERSONAL NAME
Personal name Sahu, Skylab
245 ## - TITLE STATEMENT
Title Gender, sexuality and HIV/AIDs :
Statement of responsibility, etc by Skylab Sahu
Remainder of title exploring politics of wemen's health in india /
260 ## - PUBLICATION, DISTRIBUTION, ETC. (IMPRINT)
Place of publication, distribution, etc New Delhi
Name of publisher, distributor, etc SAGE Publications
Date of publication, distribution, etc 2016
270 ## - ADDRESS
Address B1/I-1 Mohan Cooperative Industrial Area, Mathura Road
City New Delhi
Postal code 110044
300 ## - PHYSICAL DESCRIPTION
Extent xxiii, 210p.
Dimensions 21cm(Hb)
500 ## - GENERAL NOTE
General note Includes bibliographical references
942 ## - ADDED ENTRY ELEMENTS (KOHA)
Source of classification or shelving scheme Dewey Decimal Classification
Item type English Books
Call number suffix MAN

No items available.


© Delhi Public Library
Hit Counter
free hit counter